000 00738nam a2200253Ia 4500
003 OSt
005 20220928104032.0
006 a|||||r|||| 00| 0
007 ta
008 220927b |||||||| |||| 00| 0 hin d
020 _c750
024 _a127905
037 _b227, 18/11/2015, Eastern Book Linkers
_cTextual
040 _aSDCL
_cSDCL
_bhin
041 _2hin
_ahin
082 _aO15,3N49x, Q5
100 _aPandey Ramakant Ed.
_9408294
245 0 _aSanskrit ke naye vatayan
260 _aJaipur
_bHansa Prakashan
_c2015
300 _a256p
_ccm.
650 _aSanskrit
_9391587
942 _hO15,3N49x, Q5
_cTEXL
_2CC
999 _c723777
_d723777